000 00424nam a2200181Ia 4500
008 230524s9999 xx 000 0 und d
020 _a8121904676
082 _a530.1
_bSUB
100 _aN.Subrahmanyam
245 2 _aA Text Book of Optics (2)
250 _a22TH
260 _aNEW DELHI
_bS. Chand
_c2004
300 _aXV;718
500 _aQuantity Number: 2
650 _aPhysics
700 _a Brij Lal
942 _cBK
999 _c1392
_d1392